00710ntaaa2200205 45000030003000000050017000030080021000200400037000410820016000781100067000942450134001612600079002953000012003744900028003866500022004146500010004366500014004466500014004606500030004740120251027203322.00714s1973 ag 01  aAR-BaBNbspacAR-BaBNeaacrdRIC a379.82 M66a aArgentina bMinisterio de Educación, Ciencia y Tecnología  aLey de Educación Nacional, anteproyecto de ley : bhacia una educación de calidad para una sociedad más justa / cArgentina aBuenos Aires : bMinisterio de Educación, Ciencia y Tecnología, c2006 a[71] p. aDocumentos Nuevas Leyes aREFORMA EDUCATIVA aLEYES aEDUCACION aPROYECTOS aLEY NACIONAL DE EDUCACION